000 00381 a2200157 4500
001 59018
020 _a8576841037
040 _cAnchieta - Pituba
100 _aWitcher, Moony
240 1 0 _aNina e a maldição da serpente de plumas
_lpor
245 1 0 _aNina e a maldição da serpente de plumas
300 _a329
362 0 _a2006
650 4 _aLiteratura juvenil
942 _cBK
999 _c59018
_d59018